Ekonomická statistika 2 cvičebnice

Saved in:
Bibliographic Details
Main Author: Hronová, Stanislava
Corporate Author: Vysoká škola ekonomická v Praze. Národohospodářská fakulta
Format: Book
Language:Czech
Published: Praha Státní pedagogické nakladatelství 1986
Tags: Add Tag
No Tags, Be the first to tag this record!

MARC

LEADER 00000nam a2200000 4500
001 c105106
005 20220405133535.0
041 0 |a cze 
044 |a CZ 
245 1 0 |a Ekonomická statistika 2  |b cvičebnice  |c Stanislava Hronová 
264 1 |a Praha  |b Státní pedagogické nakladatelství  |c 1986 
300 |a 147 s. 
100 1 |a Hronová, Stanislava 
710 2 |a Vysoká škola ekonomická v Praze. Národohospodářská fakulta